|
|
|
|
| LEADER |
00860nam a22002171 4500 |
| 001 |
c000206208 |
| 003 |
CARM |
| 005 |
20021125002000.0 |
| 008 |
851211s1967 miu 1aeng d |
| 019 |
1 |
|
|a 674826
|z 4166579
|5 LACONCORD2021
|
| 035 |
|
|
|a (OCoLC)1180209
|5 LACONCORD2021
|
| 100 |
1 |
|
|a Merwin, Henry Childs.
|
| 245 |
1 |
4 |
|a The life of Bret Harte :
|b with some account of the California pioneers.
|
| 260 |
|
|
|a Detroit :
|b Gale Research Co.,
|c 1967.
|
| 440 |
|
0 |
|a Gale library of lives and letters : American writers series
|
| 500 |
|
|
|a Facsim. reprint of 1911 ed.
|
| 600 |
1 |
0 |
|a Harte, Bret,
|d 1836-1902,
|
| 852 |
8 |
|
|b CARM
|h A2:AO32A0
|i B06485
|p 0300106
|f BK
|
| 082 |
0 |
4 |
|a 813.4
|
| 999 |
f |
f |
|i 3ddfed8e-2249-5e86-95f7-01515ef054e8
|s d49c4ac2-fe33-5b4a-ba3e-7ecd16e99a1a
|
| 952 |
f |
f |
|p Can circulate
|a CAVAL
|b CAVAL
|c CAVAL
|d CARM 1 Store
|e B06485
|f A2:AO32A0
|h Other scheme
|i book
|m 0300106
|